La lueur de la vérité (notice n° 1627076)

détails MARC
000 -LEADER
fixed length control field 00895cam a2200181 4500500
005 - DATE AND TIME OF LATEST TRANSACTION
control field 20260111093718.0
041 ## - LANGUAGE CODE
Language code of text/sound track or separate title fre
042 ## - AUTHENTICATION CODE
Authentication code dc
100 10 - MAIN ENTRY--PERSONAL NAME
Personal name Benhessa, Ghislain
Relator term author
245 00 - TITLE STATEMENT
Title La lueur de la vérité
260 ## - PUBLICATION, DISTRIBUTION, ETC.
Date of publication, distribution, etc. 2019.<br/>
500 ## - GENERAL NOTE
General note 66
520 ## - SUMMARY, ETC.
Summary, etc. Le cinéma américain des années 1970 montre des héros qui dénoncent des complots. Dans les années 1980, c’est le cinéma qui se fait lanceur d’alerte. L’avenir est sans doute dans les films documentaires.
520 ## - SUMMARY, ETC.
Summary, etc. North-American cinema from the 1970s shows heroes uncovering conspiracies. In the 1980s, the cinema itself becomes a whistleblower. The future may belong to documentary films.
700 10 - ADDED ENTRY--PERSONAL NAME
Personal name Bittinger, Nathalie
Relator term author
786 0# - DATA SOURCE ENTRY
Note Esprit | Avril | 4 | 2019-03-29 | p. 95-102 | 0014-0759
856 41 - ELECTRONIC LOCATION AND ACCESS
Uniform Resource Identifier <a href="https://shs.cairn.info/revue-esprit-2019-4-page-95?lang=fr&redirect-ssocas=7080">https://shs.cairn.info/revue-esprit-2019-4-page-95?lang=fr&redirect-ssocas=7080</a>

Pas d'exemplaire disponible.

PLUDOC

PLUDOC est la plateforme unique et centralisée de gestion des bibliothèques physiques et numériques de Guinée administré par le CEDUST. Elle est la plus grande base de données de ressources documentaires pour les Étudiants, Enseignants chercheurs et Chercheurs de Guinée.

Adresse

627 919 101/664 919 101

25 boulevard du commerce
Kaloum, Conakry, Guinée

Réseaux sociaux

Powered by Netsen Group @ 2025